000 00305nam a22001337a 4500
008 170810b xxu||||| |||| 00| 0 eng d
020 _a9780761987222
041 _aeng
080 _23RD
_a004
100 _a35
101 _aSHK
245 _aINVESTIGATING THE SOCIAL WORLD
_cSCHUTT,R.K
942 _2udc
_cBK
999 _c23073
_d23073